<?xml version="1.0" encoding="UTF-8"?>
<collection xmlns="http://www.loc.gov/MARC21/slim">
 <record>
  <leader>01471nam a2200193Ia 4500</leader>
  <controlfield tag="001">CTU_213794</controlfield>
  <controlfield tag="008">210402s9999    xx            000 0 und d</controlfield>
  <datafield tag="082" ind1=" " ind2=" ">
   <subfield code="a">332.6328</subfield>
  </datafield>
  <datafield tag="082" ind1=" " ind2=" ">
   <subfield code="b">C734</subfield>
  </datafield>
  <datafield tag="110" ind1=" " ind2=" ">
   <subfield code="a">Commodity Research Bureau</subfield>
  </datafield>
  <datafield tag="245" ind1=" " ind2="4">
   <subfield code="a">The CRB commodity yearbook 2007</subfield>
  </datafield>
  <datafield tag="245" ind1=" " ind2="0">
   <subfield code="c">Commodity Research Bureau</subfield>
  </datafield>
  <datafield tag="260" ind1=" " ind2=" ">
   <subfield code="a">New Jersey</subfield>
  </datafield>
  <datafield tag="260" ind1=" " ind2=" ">
   <subfield code="b">Wiley</subfield>
  </datafield>
  <datafield tag="260" ind1=" " ind2=" ">
   <subfield code="c">2007</subfield>
  </datafield>
  <datafield tag="520" ind1=" " ind2=" ">
   <subfield code="a">Since 1939, professional traders, commercial hedgers, portfolio managers, and speculators have come to regard The CRB Commodity Yearbook as the &quot;bible&quot; of the industry. Here is a wealth of authoritative data, gathered from government reports, private industry, and trade and industry associations, all compiled by the Commodity Research Bureau, the organization of record for the entire commodity industry. The Yearbook is absolutely essential for identifying changing trends in supply and demand and for projecting important price movements. It gives investors: Worldwide supply/demand and production/consumption data for all the basic commodities and futures markets-from A(luminum) to Z(inc), including all the major markets in interest rates, currencies, energy, and stock index futures. Over 900 tables, graphs, and price charts of historical data, many of which show price history dating back to 1900,...</subfield>
  </datafield>
  <datafield tag="650" ind1=" " ind2=" ">
   <subfield code="a">Commodity futures,Futures,Hàng hóa tương lai,Tương lai</subfield>
  </datafield>
  <datafield tag="904" ind1=" " ind2=" ">
   <subfield code="i">Năm,Qhieu</subfield>
  </datafield>
  <datafield tag="980" ind1=" " ind2=" ">
   <subfield code="a">Trung tâm Học liệu Trường Đại học Cần Thơ</subfield>
  </datafield>
 </record>
</collection>
